000 00335nam a2200145Ia 4500
008 240624s9999 xx 000 0 und d
041 _aeng
082 _a300.72 VOG
100 _aVOGT W PAUL
245 _aDATA COLLECTION
260 _c2010
_aLondon
_bSage
300 _alxx, : 190 : p. : cm. ; 23
365 _cGBP
_b38
440 _v1
999 _c24304
_d24304